000 00429nam a2200157Ia 4500
008 240729s9999 xx 000 0 und d
022 _a1314-2321
245 0 _aInternational Journal Bioautomation
260 _aBulgaria
260 _bBulgarian Academy of Sciences
650 _a Biology (General)
650 _aScience
856 _uhttps://doaj.org/toc/89774ca4931f47fcb31a0583a13f3814
942 _2ddc
942 _cDOAJEJ
999 _c69858
_d69858
945 _a1
_bMadushi Gamage
_c1
_dMadushi Gamage